000
00272nam a22001217a 4500
008
180927b xxu||||| |||| 00| 0 eng d
041
_a
eng
080
_a
574
100
_a
9
101
_a
MJE
245
_a
Visions Of American Agriculture
_c
William L
942
_2
udc
_c
BK
999
_c
48540
_d
48540